| Tag |
First Indicator |
Second Indicator |
Subfields |
| LEADER |
00000cam a2200000 4500 |
| 001 |
in00000072266 |
| 005 |
20151008052444.0 |
| 008 |
721127s1940 nyu b 00000 eng u |
| 010 |
|
|
|a 40034168
|
| 020 |
|
|
|a 0374910227
|
| 035 |
|
|
|a (OCoLC)00501393
|
| 035 |
|
|
|9 AAH3424AM
|
| 040 |
|
|
|c CSU
|d TXA
|d UtOrBLW
|
| 049 |
|
|
|a TXAM
|c [94153]
|
| 050 |
0 |
0 |
|a HV91
|b .B7
|
| 082 |
0 |
|
|a 361.6/2/0973
|
| 092 |
|
|
|a 361.60973
|b B878p
|
| 100 |
1 |
|
|a Brown, Josephine Chapin.
|
| 245 |
1 |
0 |
|a Public relief, 1929-1939 /
|c by Josephine Chapin Brown.
|
| 264 |
|
1 |
|a New York :
|b Holt,
|c [1940]
|
| 264 |
|
4 |
|c [©1940]
|
| 300 |
|
|
|a xviii, 524 pages :
|b incl.tables,diagrams ;
|c 22cm.
|
| 336 |
|
|
|a text
|b txt
|2 rdacontent
|
| 337 |
|
|
|a unmediated
|b n
|2 rdamedia
|
| 338 |
|
|
|a volume
|b nc
|2 rdacarrier
|
| 490 |
1 |
|
|a American general education series
|
| 504 |
|
|
|a Bibliography: pages 477-511.
|
| 650 |
|
0 |
|a Charities
|z United States.
|
| 650 |
|
0 |
|a Charity organization.
|
| 650 |
|
0 |
|a Social service.
|
| 830 |
|
0 |
|a American general education series.
|
| 999 |
|
|
|a MARS
|
| 999 |
f |
f |
|s fbb19cca-1974-3211-879e-6d59e2513829
|i bc3f8648-33fa-358c-8a6f-fc7192bd00d2
|t 0
|
| 952 |
f |
f |
|p ric
|a Texas A&M University
|b Rellis Campus
|c Joint Library Facility
|d Remote Storage
|t 0
|e HV91 .B7
|h Library of Congress classification
|i unmediated -- volume
|m A14800809003
|
| 998 |
f |
f |
|a HV91 .B7
|t 0
|l Remote Storage
|